O štátnej správe v odpadovom hospodárstve. K zákonu SNR č. 494/1991 Zb.

Cieľom článku je vysvetliť jednotlivé ustanovenia zákona SNR č. 494/1991 Zb. o štátnej správe v odpadovom hospodárstve. Ústredný orgán štátnej správy odpadového hospodárstva - Slovenská komisia pre životné prostredie. Slovenská inšpekcia životného prostredia. Okresný úrad ŽP. Nástroje regulácie odpa...

Descrizione completa

Salvato in:
Dettagli Bibliografici
Autore principale: Gašparíková, Božena
Natura: Capitolo di libro
Lingua:slovacco
Soggetti:
Tags: Aggiungi Tag
Nessun Tag, puoi essere il primo ad aggiungerne!!

MARC

LEADER 00000naa a2200000 4500
001 r008065
005 20220831085555.6
041 0 |a slo 
044 |a [CS] 
245 1 0 |a O štátnej správe v odpadovom hospodárstve.  |b K zákonu SNR č. 494/1991 Zb.  |c B. Gašparíková 
520 |a Cieľom článku je vysvetliť jednotlivé ustanovenia zákona SNR č. 494/1991 Zb. o štátnej správe v odpadovom hospodárstve. Ústredný orgán štátnej správy odpadového hospodárstva - Slovenská komisia pre životné prostredie. Slovenská inšpekcia životného prostredia. Okresný úrad ŽP. Nástroje regulácie odpadového hospodárstva. Programy odpadového hospodárstva. Konanie podľa zákona. 
610 2 0 |a odpad 
610 2 0 |a odpadky 
610 2 0 |a predpisy právne 
610 2 0 |a prostredie životné 
610 2 0 |a Slovensko 
610 2 0 |a 1991 
610 2 0 |a spracovanie odpadu 
100 1 |a Gašparíková, Božena